000 00744nam a22002177a 4500
999 _c11698
_d11698
003 AR-CdUCM
008 190404b ||||| |||| 00| 0 spa d
040 _aMUNICIPALIDAD PROVINCIAL DEL CUSCO
_cBIBLIOTECA MUNICIPAL DEL CUSCO
082 _aES / 036 /
_bP85
245 _aPreceptor Enciclopedia Universal Ilustrada para la juventud /
260 _aBuenos Aires :
_bEdiciones Corcel,
_c1961.
300 _a1655 - 1782 paginas ;
_bilustraciones, graficos, dibujos,
_c26 cm.
440 _aPreceptor
_n14
_929191
500 _aEnciclopedia universal ilustrada
505 _aContenido: v.14: MI-N-Ñ-O-OL
650 _aEnciclopedia
_918075
650 _aUniversal
_918236
650 _aIlustrada
_929192
942 _2ddc
_cLIBROS
945 _apjha